Statistiken für Top 15 Länder mit Covid-19-Todesfällen - 11. Dezember

Klicken Sie hier um das Quiz zu spielen!

Allgemein

  • Dieses Quiz wurde 8 mal gespielt
  • Das Durchschnittsergebnis liegt bei 14 aus 21

Antwortstatistiken

Land% Korrekt
Argentinien
88%
Brasilien
88%
Italien
88%
Mexiko
88%
Russland
88%
Spanien
88%
Vereinigtes Königreich
88%
Vereinigte Staaten
88%
Belgien
75%
Frankreich
75%
Indien
75%
Kolumbien
75%
Peru
75%
Polen
75%
Iran
63%
Tschechien
50%
Südafrika
38%
Armenien
25%
Bosnien und
Herzegowina
25%
Slowenien
25%
Nordmazedonien
13%

Verteilung der Resultate

Perzentil nach korrekt beantworteten Fragen

Anzahl Personen mit jedem Resultat

Ihre Resultats-Entwicklung

Sie haben dieses Quiz noch nicht gespielt